Del pago de las deudas hereditarias y testamentarias. Comentario al título XI del Libro III del Código Civil.
Saved in:
| Hovedforfatter: | |
|---|---|
| Format: | Bog |
| Sprog: | spansk |
| Udgivet: |
Santiago, Chile:
EDIAR,
1984.
|
| Udgivelse: | Segunda edición corregida. |
| Fag: | |
| Tags: |
Tilføj Tag
Ingen Tags, Vær først til at tagge denne postø!
|
MARC
| LEADER | 00000nam a2200000 a 4500 | ||
|---|---|---|---|
| 001 | UCS1361 | ||
| 003 | CL-VaPUC | ||
| 005 | 20220822114330.0 | ||
| 008 | 970509e19840000CL |||||||||||||||||spa|d | ||
| 999 | |c 259456 |d 259454 | ||
| 040 | |c Pontificia Universidad Católica de Valparaíso | ||
| 082 | 0 | 4 | |a 346.056 ESC 1984 |2 21 |
| 100 | 0 | |a Escobar Riffo, Francisco |e autor |9 385744 | |
| 245 | 1 | 0 | |a Del pago de las deudas hereditarias y testamentarias. |b Comentario al título XI del Libro III del Código Civil. |
| 250 | |a Segunda edición corregida. | ||
| 260 | |a Santiago, Chile: |b EDIAR, |c 1984. | ||
| 300 | |a XI, 298 páginas. | ||
| 500 | |a c.3 Donación Familia Prof. Alejandro Guzmán Brito. | ||
| 583 | |a last modification |c 19970509 00:00:00 |k Rodrigo Vera | ||
| 650 | 0 | |a Derecho civil |9 255013 | |
| 650 | 0 | |a Derecho sucesorio |9 255015 | |
| 650 | 0 | |a Herencia |9 256325 | |
| 650 | 0 | |a Testamento |9 258220 | |
| 650 | 0 | |a Cesión de deudas |2 CL-VaPUC |9 385205 | |
| 942 | |c BK |2 ddc |n 0 | ||
| 945 | |d 19970509 00:00:00 |a paguirre | ||
| 952 | |0 0 |1 0 |4 0 |6 346_056000000000000_ESC_1984 |7 0 |8 A |9 284189 |a BIBDER |b BIBDER |d 2019-11-19 |i 1845608 |o 346.056 ESC 1984 |p 1845608 |r 2023-01-25 |w 2019-11-19 |y BK |k DER | ||